000 00507nam a22001817a 4500
999 _c195065
_d195065
005 20230306175147.0
010 _aENG-136211 ENG-136280
020 _a9788182569355
_c400.00
035 _aEN-119743 EN-119812
037 _bDBAD/PUB
082 _a294.6
245 _aPhilosophy of the Masters/
_cSawan Singh
260 _aPunjab
_bRadha Soami Satsang Beas
_c2010
270 _bPunjab
_e143204
300 _avii, 396p.
_c26cm(hbk)
500 _aVOLUME V
942 _2ddc
_cEN
_h294.6
_mPHI